000 00821cam a22002054a 4500
005 20250605163956.0
008 250528s ||||||||||||||||||||||||d
035 _a15472
020 _a1850321906
040 _aGR-AtMCL
_bgre
_dGR-AtMCL
_eAACR2
245 1 _aSoftware Project Management
260 _bThomson,
_c1995
300 _a276
520 _aIntroduction to software project management, ''Step Wise'' An Interview of Project Planning, Project Evaluation, Project Analysis and Technical Planning, Software Estimation, Activity Planning, Risk Management, Resource Allocation, Monitoring and Control, Managing People and Organizing Teams, Software Quality, Planning for small Projects.
700 1 _aCotterell Mike
_91402
700 1 _aHughes Bob
_91403
942 _cBK
999 _c1051
_d1051